000 00535nam a2200217Ia 4500
003 OSt
005 20230328161540.0
008 210210b2017 xxu||||| |||| 00| 0 eng d
020 _a9788183165471
040 _cAL
041 _aeng
082 _a150 PARI
100 _aPARAMESWARAN (E G)
_979236
245 _aInvitation to psychology
260 _aHyderabad
_bNeelkamal Publications Pvt Ltd.,
_c2017
300 _axvi,803
690 _aPsychology
_979237
700 _aBeena (C)
_979238
906 _a074117
942 _2ddc
_cBK
999 _c123870
_d123870